banner koha

Pregerminative treatments of yellow mombin (Spondias mombin L.) seeds (Registro n. 298896)

MARC details
000 -LÍDER
fixed length control field 04823nab a2200301 i 4500
003 - CÓDIGO MARC DA AGÊNCIA CATALOGADORA
Campo de controle BR-BrBNA
005 - DATA E HORA DA ÚLTIMA ATUALIZAÇÃO
Campo de controle 20240322082430.0
008 - CAMPO DE TAMANHO FIXO
fixed length control field 240322b2019 bl.qr|pooa||| 00| 0 eng |
040 ## - FONTE DA CATALOGAÇÃO
Agência catalogadora BR-BrBNA
Idioma da catalogação eng
072 ## - CATEGORIA AGRIS
Código AGRIS F03
Código do objeto 1190
100 ## - ENTRADA PRINCIPAL - NOME PESSOAL
Nome pessoal Martins, Cibele Chalita
100 ## - ENTRADA PRINCIPAL - NOME PESSOAL
Nome pessoal Silva, Givanildo Zildo da
100 ## - ENTRADA PRINCIPAL - NOME PESSOAL
Nome pessoal Durigan, Laís Dezen
100 ## - ENTRADA PRINCIPAL - NOME PESSOAL
Nome pessoal Vieira, Roberval Daiton
245 ## - TÍTULO PRINCIPAL
Título principal Pregerminative treatments of yellow mombin (Spondias mombin L.) seeds
500 ## - NOTA GERAL
Nota geral Publicação on-line; 28 ref.; 6 tables; Summaries (En, Pt)
942 ## - ADDED ENTRY ELEMENTS (KOHA)
Koha item type
520 ## - NOTA DE RESUMO
Nota de conteúdo Abstract<br/><br/>The germination of Spondias mombin seeds is slow and irregular - it takes between 6 and 24 months for the process<br/>to complete. This causes serious difficulties to the plantlet producer since the plantlets are more expensive to produce<br/>and frequently are of different heights. The objective of this project was to establish techniques and strategies of<br/>yellow mombin (Spondias mombin L.) seed selection to promote and speed up germination. Having that in mind, two<br/>experiments were carried out. In the first, seeds (which are of the nucular type) of two colors (beige and brown) and<br/>four classes of size (small, medium-small, medium-large, and large) had their length, width, and weight determined.<br/>In the second experiment, the color (beige and brown) classified seeds were submitted or not to a fungicide treatment<br/>and to mechanical scarification of the endocarp (base, apex, lateral, and no scarification). The experiments were<br/>distributed according to a completely random design with four 20 seeds replications in the following factorial<br/>arrangements: 4x2 (size x color) and 4x2x2 (scarification x color x fungicide). Seedling emergence in sand, first<br/>count of germination, and mean time for germination were weekly determined up to 730 days; these evaluations<br/>were based on the determination of normal seedlings counting. Choosing brown and medium-large seeds is an<br/>efficient strategy to accelerate seedling emergence. Treating the seeds with fungicide was harmful to the germination<br/>process. The lateral scarification of brown seeds permitted a reduction in the period necessary for the completion of<br/>germination from 489 to 336 days.<br/><br/>Keywords: Dormancy; Mechanical scarification; Propagation
520 ## - NOTA DE RESUMO
Nota de conteúdo Resumo<br/><br/>As sementes de cajá apresentam germinação lenta e desuniforme, pois o processo normalmente tem duração de seis<br/>meses e dois anos. Tal característica constitui-se em entrave para os viveiristas, pois onera os custos de produção e<br/>resulta em mudas com tamanhos diversos. O objetivo deste trabalho foi estabelecer técnicas e estratégias de seleção<br/>de sementes de cajá (Spondias mombin L.) que promovam ou acelerem a germinação. Para tanto, foram realizados<br/>dois experimentos. No primeiro, foram avaliadas sementes (nuculânios) de duas cores (bege e marrom) e quatro<br/>classes de tamanho (pequena, média-pequena, média-grande e grande) caracterizadas por meio do comprimento,<br/>largura e massa. No segundo experimento, as sementes classificadas quanto à cor (bege e marrom) foram submetidas<br/>ou não à aplicação de fungicida e à escarificação mecânica do endocarpo (base, ápice, lateral e sem escarificação<br/>mecânica). Os experimentos foram instalados em delineamento inteiramente casualizado com quatro repetições de<br/>20 sementes, nos seguintes arranjos fatoriais: 4 x 2 (tamanho x cor) e 4 x 2 x 2 (escarificação x cor x fungicida).<br/>Avaliou-se a emergência de plântulas em areia, primeira contagem e o tempo médio da emergência. Em ambos os<br/>estudos, a emergência foi avaliada semanalmente, até os 730 dias. Concluiu-se que a seleção de sementes marrons e<br/>média-grandes (31 x 18 cm e 2,16 g) constituiu-se em uma estratégia eficiente para aumentar e acelerar a emergência<br/>de plântulas. O tratamento das sementes com fungicida (metalaxil-M+fludioxonil) foi prejudicial ao processo<br/>germinativo. A utilização de sementes marrons e escarificadas na lateral possibilitou a aceleração da germinação<br/>(tempo médio de 489 para 336 dias).<br/><br/>Palavras-chave: Dormência; Escarificação mecânica; Propagação
650 ## - ASSUNTO - THESAGRO
Cabeçalho tópico ou nome geográfico SEMENTE
650 ## - ASSUNTO - THESAGRO
Cabeçalho tópico ou nome geográfico PROPAGAÇÃO VEGETATIVA
650 ## - ASSUNTO - THESAGRO
Cabeçalho tópico ou nome geográfico ESCARIFICAÇÃO DE SEMENTES
650 ## - ASSUNTO - THESAGRO
Cabeçalho tópico ou nome geográfico CAJÁ
650 ## - ASSUNTO - THESAGRO
Cabeçalho tópico ou nome geográfico SPONDIAS MOMBIN
773 0# - ENTRADA ANALÍTICA
Host Biblionumber 4065
Registro do item 313811
Imprenta Santa Maria-RS Universidade Federal de Santa Maria - Centro de Pesquisas Florestais.Departamento de Ciências Florestais. Programa de Pós-Graduação em Engenharia Florestal 1991
Outro identificador 2024-0078
Título Ciência Florestal (Brazil)
ISSN 0103-9954; 1980-5098 (on-line)
Colação v. 29(1) p. 363-370; (Jan-Mar 2019)
Número de controle de registro BR2023001606
856 ## - ACESSO E ENDEREÇO ELETRÔNICO
Identificador uniforme de recurso - URI https://www.scielo.br/j/cflo/a/zskCJhqvBbxywYjG7gSshkn/?format=pdf&lang=en

Nenhum exemplar disponível.

BINAGRI

Telefone: (61)3218-2567/2388/3357/2097 - binagri@agro.gov.br

Ministério da Agricultura e Pecuária , Esplanada dos Ministérios, Bloco D, Anexo B, Brasília/DF, CEP: 70.043-900